Diplomatic Missions of Belize - Statistics

General Stats
  • This quiz has been taken 71 times
  • The average score is 24 of 30
Answer Stats
Mission Answer % Correct
Country Mexico
98%
Embassy Mexico City
98%
High Commission London
96%
Consulate-General New York CIty
96%
Permanent Mission New York City
96%
Country United States
96%
Country United Kingdom
94%
Embassy Washington D.C.
94%
Country Guatemala
92%
Embassy Guatemala City
92%
Country Honduras
92%
Embassy Brussels
90%
Embassy Havana
90%
Country Belgium
88%
Country Cuba
88%
Consulate-General Los Angeles
80%
Country El Salvador
78%
Country Japan
78%
Embassy San Salvador
78%
Embassy Tegucigalpa
78%
Embassy Tokyo
78%
Country Dominican Republic
76%
Embassy Rome
76%
Embassy Santo Domingo
76%
Country Italy
69%
Permanent Delegation Paris
67%
Consulate-General Milan
63%
Country Vatican City
63%
Embassy Taipei
35%
Country Taiwan
35%
No matching quizzes found
Score Distribution
Percent of People with Each Score
Percentile by Number Answered
Your Score History
You have not taken this quiz